Percy Jackson Demigods - Sudden Death - Statistics

General Stats
  • This quiz has been taken 1,072 times
  • The average score is 8 of 31
Answers on the Grid
Answers color-coded by a green-red scale on the quiz's grid according to % correct below.
Achilles
Amir Fadlan
Annabeth Chase
Atlas
Beryl Grace
Bianca di Angelo
Billie Ng
Blackjack
Blitzen
Briares
Carter Kane
Charlie Beckendorf
Clarisse La Rue
Connor Stoll
Dakota
Dr Thorn
Drew Tanaka
Emma Chase
Estelle Blofis
Frank Zhang
Frederick Chase
Gabe Ugliano
Gaia
Gaius Julius Caesar Germanicus
Grover Underwood
Harley
Hazel Levesque
Hearthstone
Jason Grace
Josephine
Juniper
Lavinia Asimov
Leo Valdez
Lester Papadopoulos
Luke Castellan
Magnus Chase
Malcolm Pace
Mallory Keen
May Castellan
Medea
Meg McCaffrey
Michael Varus
Nancy Bobofit
Natalie Chase
Nico di Angelo
Octavian
Paul Blofis
Percy Jackson
Piper McLean
Polybotes
Rachel Elizabeth Dare
Reyna Avila Ramírez-Arellano
Sadie Kane
Sally Jackson
Silena Beauregard
Thalia Grace
Thomas Jefferson Jr
Travis Stoll
Tyson
Valentina Diaz
Will Solace
Zia Rashid
 
Answer Stats
Answer % Correct
Annabeth Chase
90%
Bianca di Angelo
57%
Clarisse La Rue
53%
Charlie Beckendorf
41%
Achilles
38%
Connor Stoll
37%
Luke Castellan
37%
Jason Grace
34%
Leo Valdez
34%
Hazel Levesque
32%
Frank Zhang
31%
Nico di Angelo
30%
Drew Tanaka
25%
Percy Jackson
24%
Silena Beauregard
23%
Dakota
22%
Piper McLean
22%
Thalia Grace
22%
Will Solace
21%
Meg McCaffrey
19%
Travis Stoll
18%
Malcolm Pace
15%
Reyna Avila Ramírez-Arellano
14%
Magnus Chase
9%
Harley
8%
Lavinia Asimov
7%
Billie Ng
6%
Michael Varus
6%
Thomas Jefferson Jr
5%
Valentina Diaz
4%
Mallory Keen
3%
No matching quizzes found
Score Distribution
Percent of People with Each Score
Percentile by Number Answered
Your Score History
You have not taken this quiz